Regiones de Inglaterra - Estadísticas

Estadísticas generales
  • Esta prueba ha sido intentada 69 veces
  • La puntuación promedio es 3 de 9
Estadísticas de respuestas
Población (hab.) Área (km²) Región % Correcto
8 173 941 1572 Gran Londres
96%
5 846 965 19 120 Este de Inglaterra
67%
5 283 733 15 420 Yorkshire y Humber
33%
4 533 222 15 627 Midlands del Este
27%
5 601 847 13 000 Midlands del Oeste
27%
7 052 177 14 165 Noroeste de Inglaterra
22%
8 634 750 19 095 Sudeste de Inglaterra
22%
5 288 935 23 829 Sudoeste de Inglaterra
18%
2 596 886 8592 Nordeste de Inglaterra
15%
No se encontraron pruebas coincidentes
Distribución de puntuación
Porcentaje de gente con cada puntuación
Porcentaje por número respondido
Historial de tus puntuaciones
No has intentado esta prueba.